Saivism in South India : (Record no. 103917)
[ view plain ]
| 000 -LEADER | |
|---|---|
| fixed length control field | 00636nam a22002057a 4500 |
| 005 - DATE AND TIME OF LATEST TRANSACTION | |
| control field | 20161006171150.0 |
| 010 ## - LCCN (DPL NO) | |
| LC control number | ENG-116187 |
| 020 ## - INTERNATIONAL STANDARD BOOK NUMBER | |
| International Standard Book Number | 9788186038291 |
| Terms of availability | 250.00 |
| 020 ## - INTERNATIONAL STANDARD BOOK NUMBER | |
| International Standard Book Number | 8186038299 |
| Terms of availability | 250.00 |
| 035 ## - SYSTEM CONTROL NUMBER | |
| System control number | EN-99719 |
| 037 ## - SOURCE OF ACQUISITION | |
| Source of stock number/acquisition | DBAD/PUB |
| 082 ## - DEWEY DECIMAL CLASSIFICATION NUMBER | |
| Classification number | 294.551309548 |
| 100 ## - MAIN ENTRY--PERSONAL NAME | |
| Personal name | Komal |
| 245 ## - TITLE STATEMENT | |
| Title | Saivism in South India : |
| Statement of responsibility, etc | by Amrit Kaur Basra |
| Remainder of title | (7th A.D. to 11th A.D.) / |
| 260 ## - PUBLICATION, DISTRIBUTION, ETC. (IMPRINT) | |
| Place of publication, distribution, etc | Delhi |
| Name of publisher, distributor, etc | Shree Kala Prakashan |
| Date of publication, distribution, etc | 2013 |
| 270 ## - ADDRESS | |
| Address | 42/43,U.B. Jawahar Nagar |
| City | Delhi |
| Postal code | 110007 |
| 300 ## - PHYSICAL DESCRIPTION | |
| Extent | ix,83p. |
| Dimensions | 21cm(pbk) |
| 500 ## - GENERAL NOTE | |
| General note | Includes bibliographical references |
| 942 ## - ADDED ENTRY ELEMENTS (KOHA) | |
| Source of classification or shelving scheme | Dewey Decimal Classification |
| Item type | English Books |
| Classification part | 294.551309548 |
| Call number suffix | KOM |
| Withdrawn status | Lost status | Not for loan | Collection code | Home library | Current library | Date acquired | Source of acquisition | Cost, normal purchase price | Full call number | Barcode | Copy number | Cost, replacement price | Koha item type |
|---|---|---|---|---|---|---|---|---|---|---|---|---|---|
| Non-fiction | Shahdara Branch | Shahdara Branch | 06/10/2016 | DBAD/PUB | 250.00 | 294.551309548 KOM | EN-99719 | 1 | 250.00 | English Books |
